| 000 | 01113nam a22002537a 4500 | ||
|---|---|---|---|
| 005 | 20170124102954.0 | ||
| 010 | _aA-968498 | ||
| 020 | _c100.00 | ||
| 035 | _aA-968498 | ||
| 037 | _bCen Lib/Ret | ||
| 040 |
_aDPL _bHN |
||
| 082 |
_a827 _bगोपाल |
||
| 100 |
_aगोपाल शेखरन _952645 |
||
| 245 |
_aभ्रष्टाचार-सर्वशक्तिमान / _cगोपाल शेखरन |
||
| 246 |
_aBhrashtachar-sarvshaktiman / _bby Gopal Shekhran |
||
| 260 |
_aनई दिल्ली _bसामायिक प्रकाशन _c1999 |
||
| 270 |
_bनई दिल्ली _a3543, जटवाडा, नेताजी सुभाष मार्ग, दरियागंज _e110002 |
||
| 300 |
_a128पृ. _c20सेमी(सजिल्द) |
||
| 650 |
_aहिंदी साहित्य _952646 |
||
| 650 |
_aहिंदी साहित्य -- कहानियां _942761 |
||
| 650 |
_aHindi literature _952647 |
||
| 650 |
_aHindi literature -- Stories _952648 |
||
| 942 |
_2ddc _cHN _h827 _mगोपाल |
||
| 999 |
_c113522 _d113522 |
||